000 nam a22 7a 4500
999 _c15731
_d15731
008 161103b xxu||||| |||| 00| 0 eng d
020 _a0871203839
020 _a9780871203830
050 _aLC 3060.37 .M27 2000
100 _aMarzano, Robert J.
245 _aTransforming classroom grading/
_cRobert J. Marzano
260 _aAlexandria, Va. :
_bAssociation for Supervision and Curriculum Development,
_c©2000.
300 _aviii, 147p. :
_bill. ;
500 _aIncludes bibliography and index.
650 _aGrading and marking (Students)
_x United States.
650 _aSchool reports
_xUnited States.
942 _2lcc
_cBOOKS
_hLC 3060.37 .M27 2000